[Event "Africa-chT 8th"]
[Site "Abuja"]
[Date "2003.10.09"]
[Round "7"]
[White "Hailu, Wossenyelew"]
[Black "Shebsh, Abdullatief Mohamed"]
[Result "0-1"]
[WhiteElo "2211"]
[BlackElo "2161"]
[PlyCount "136"]
[EventDate "2003.10.05"]
[EventType "team-tourn (rapid)"]
[EventRounds "11"]
[EventCountry "NGR"]
[SourceTitle "CBM 096 Extra"]
[Source "ChessBase"]
[SourceDate "2003.10.22"]
[SourceVersion "2"]
[SourceVersionDate "2003.10.20"]
[SourceQuality "1"]
[WhiteTeam "Ethiopia"]
[BlackTeam "Libya"]
[WhiteTeamCountry "ETH"]
[BlackTeamCountry "LBY"]

1. d4 Nf6 2. c4 g6 3. Nc3 d5 4. cxd5 Nxd5 5. e4 Nxc3 6. bxc3 Bg7 7. Bc4 0-0 8. Ne2 c5 9. Be3 cxd4 10. cxd4 Nc6 11. 0-0 Na5 12. Bd3 b6 13. Rc1 e6 14. Qd2 Bb7 15. Bh6 Bxh6 16. Qxh6 Nc6 17. Qe3 Rc8 18. Bb1 Rc7 19. Rfd1 Rd7 20. Rd2 Qe7 21. h3 Rfd8 22. Rcd1 Ba6 23. Nf4 Na5 24. Bd3 Nc4 25. Bxc4 Bxc4 26. d5 e5 27. Nd3 Qd6 28. Qg5 f6 29. Qg4 Rg7 30. Qg3 Bxd3 31. Qxd3 Rc7 32. Rc2 Rc5 33. Rdc1 Rdc8 34. Rxc5 bxc5 35. Qa3 Rc7 36. Rc4 Qb6 37. Qb3 Kf8 38. Qc2 Kg7 39. Ra4 Qb5 40. Qc4 Qxc4 41. Rxc4 Kf7 42. Kf1 Ke7 43. Ke2 Kd6 44. Kd3 f5 45. f3 f4 46. Ra4 Rb7 47. Ra6+ Kd7 48. Kc4 Rb2 49. Rxa7+ Kd6 50. Ra6+ Kd7 51. Kxc5 Rc2+ 52. Kb4 Rb2+ 53. Kc3 Rxg2 54. a4 Rf2 55. Ra7+ Kd6 56. Rxh7 Rxf3+ 57. Kc4 Re3 58. Rf7 Rxe4+ 59. Kb5 Kxd5 60. a5 Re1 61. Rd7+ Ke6 62. Rd2 Ra1 63. Kb6 e4 64. a6 e3 65. Rb2 Ke5 66. a7 Rxa7 67. Kxa7 f3 68. Kb6 f2 0-1